00250nam a2200085Ia 4500008004100000100002000041245002500061500005100086650002700137181011s9999 xx 000 0 und d aAndreas D'Souza 0aHMI Platinum jubilee aJounal of Henry Martyn Institute jan -Dec 2006 aHenry Martyn Institute